Augustus and the creation of the Roman Empire : A brief history with documents
Offering multiple viewpoints of the rise, achievements, and legacy of Caesar Augustus and his empire, Augustus and the Creation of the Roman Empire encourages the examination of such subjects as the military in war and peacetime, the social and cultural context of political change, the reform of adm...
Đã lưu trong:
| 主要作者: | |
|---|---|
| 格式: | 图书 |
| 语言: | Vietnamese |
| 出版: |
Boston
Bedford/St. Martin's
2006
|
| 丛编: | The Bedford series in history and culture
|
| 主题: | |
| 标签: |
添加标签
没有标签, 成为第一个标记此记录!
|
| Thư viện lưu trữ: | Thư viện Trường Đại học Nam Cần Thơ |
|---|
| LEADER | 01171nam a22002177a 4500 | ||
|---|---|---|---|
| 001 | NCT_83381 | ||
| 008 | 200727b xxu||||| |||| 00| 0 vie d | ||
| 999 | |c 4103 |d 4103 | ||
| 020 | |a 0312404697 | ||
| 082 | 0 | 4 | |2 23rd ed. |a 920 |b M527 |
| 100 | 1 | |a Mellor, Ronald | |
| 245 | 1 | 0 | |a Augustus and the creation of the Roman Empire : |b A brief history with documents |c Ronald Mellor |
| 260 | |a Boston |b Bedford/St. Martin's |c 2006 | ||
| 300 | |a xvi, 192 p. |b ill. |c 21cm | ||
| 490 | |a The Bedford series in history and culture | ||
| 504 | |a Includes bibliography and index | ||
| 520 | 3 | |a Offering multiple viewpoints of the rise, achievements, and legacy of Caesar Augustus and his empire, Augustus and the Creation of the Roman Empire encourages the examination of such subjects as the military in war and peacetime, the social and cultural context of political change, the reform of administration, and the personality of the emperor himself. | |
| 653 | |a Tham khảo | ||
| 942 | |2 ddc |c BK | ||
| 952 | |0 0 |1 0 |2 ddc |4 0 |6 920_000000000000000_M527 |7 0 |9 20137 |a 000001 |b 000001 |d 2020-07-27 |o 920 M527 |p TK.01077 |r 2020-07-27 |w 2020-07-27 |y BK | ||
| 980 | |a Thư viện Trường Đại học Nam Cần Thơ | ||


